000 00363nam a2200145Ia 4500
008 230718s9999 xx 000 0 und d
041 _aEng.
082 _a891.42
_bحمی-ڈ
100 _aحمیده زایده
245 0 _aڈی این در آرایی
260 _aPakistan
_bفرینہ علم وادب
_c1202
300 _a208
650 _aLaw
999 _c28778
_d28778